000 00900nam a2200265 a 4500
001 000013822
003 DO-SdBNP
005 20251022121851.0
008 091130s2005 dr b 000 0 spa d
020 _a9945852701
040 _aDO-SdBNP
_bspa
_cBNPHU
049 _aBNPD
082 _a305.90691
_bB142e
100 1 _aBáez, Luis Octavio
_931316
245 1 4 _aLos estados unidos del Caribe /
_cLuis Octavio Báez.
260 _aBaní :
_bRaysi,
_c2005.
300 _a287 p. :
_bmap ;
_c21 cm.
650 4 _aInmigrantes
_xAspectos sociales
_931319
650 4 _aAsimilación cultural
_916128
650 4 _aEmigración e inmigración
_xAspectos económicos
_931320
650 4 _aEmigración e inmigración
_xAspectos sociales
_931321
651 0 _aCaribe (Región)
_xRelaciones con Estados Unidos
_987401
651 4 _aEstados Unidos
_xRelaciones con el Caribe (Región)
_931318
942 _2ddc
_cLBS1
999 _c13434
_d13434